Missing Word: Famous Buildings Quiz Stats

 Plays Quiz Updated May 7, 2013

Support Sporcle.
Go Orange.
Score 0/16 Timer 03:00
0 Plays Today
Building/Structure Missing Word % Correct
Buckingham _________Palace
99.2%
The ____ HouseWhite
96.4%
_____ Tower of PisaLeaning
95.8%
______ State BuildingEmpire
95.5%
_____ MahalTaj
92.2%
Sydney ____ HouseOpera
90.9%
St. _____'s BasilicaPeter
77.5%
C.N. ______Tower
74.1%
Building/Structure Missing Word % Correct
_____ TowerWillis
61.4%
Angkor ____Wat
50.1%
Hagia _______Sophia
48.9%
Petronas ____ TowersTwin
39.7%
____ KhalifaBurj
36.2%
La Basilique du Sacré-______Coeur
35.2%
____ of the RockDome
31.1%
___ Simbel TemplesAbu
18.3%

Today's Daily Dose

Word Ladder
Emancipation Day

Quick Pick
SNL Quotes

Get the Picture
June Holidays

You're not logged in!

Compare scores with friends on all Sporcle quizzes.
OR
Log In

From the Vault

100 Years of Historical Figures

by kfastic

One or two things can happen throughout the course of 100 years.
Remove Ads.
Support Sporcle.
Get the best of Sporcle when you Go Orange. This ad-free experience offers more features, more stats, and more fun while also helping to support Sporcle. Thank you for becoming a member.

Show Comments

Extras

Top Quizzes Today


Score Distribution

Your Account Isn't Verified!

In order to create a playlist on Sporcle, you need to verify the email address you used during registration. Go to your Sporcle Settings to finish the process.

Report this User

Report this user for behavior that violates our Community Guidelines.

Details: